Full naturalístic : suplement del butlletí del Parc de Collserola suplement del butlletí del Parc de Collserola
Descripción Física:
2 exemplars : il·lustracions, periodicitat irregular ; 30 cm
Materias:
Patronat Metropolità Parc de Collserola -- Revistes
; Parc Natural de Collserola (Catalunya)
Idioma:
Catalán
MARC
| LEADER | 00000nas a2200000 a 4500 | ||
|---|---|---|---|
| 003 | Arxiu | ||
| 005 | 20260324175628.0 | ||
| 008 | 160829d19901992spc n px s cat c | ||
| 040 | |a AGDB | ||
| 080 | |a Revistes | ||
| 245 | 0 | 0 | |a Full naturalístic : |b suplement del butlletí del Parc de Collserola |
| 260 | |a Barcelona : |b Patronat Metropolità Parc de Collserola, |c 1990-1992 | ||
| 300 | |a 2 exemplars : |b il·lustracions, periodicitat irregular ; |c 30 cm | ||
| 310 | |a Irregular | ||
| 362 | |a 1 (setembre 1990)-2 (maig 1992) | ||
| 590 | |a Irregular. | ||
| 590 | |a Suplement de: Collserola | ||
| 610 | 2 | 0 | |a Patronat Metropolità Parc de Collserola |v Revistes |9 55812 |
| 651 | 0 | |9 54680 |a Parc Natural de Collserola (Catalunya) | |
| 710 | |a Patronat Metropolità Parc de Collserola |9 4183 | ||
| 866 | |a 1990 (1), 1992 (2) | ||
| 901 | |a Arxiu | ||
| 942 | |n 1 |2 udc |c REV | ||
| 952 | |0 0 |1 0 |4 0 |6 REV2191 |7 1 |9 47068 |a Arxiu |b Arxiu |d 2016-12-01 |h Núm. 1 (setembre 1990)-Núm. 2 (maig 1992) |o Rev-2191 |p 28049 |r 2016-12-01 00:00:00 |w 2016-12-01 |y ARXIU | ||
| 999 | |c 50862 |d 50862 | ||